| 000 | 00470nam a22001697a 4500 | ||
|---|---|---|---|
| 003 | OSt | ||
| 005 | 20251010010704.0 | ||
| 008 | 251009b |||||||| |||| 00| 0 eng d | ||
| 020 | _a978-0-425-21892-1 | ||
| 040 |
_aDWCL-Main lib. _cOC |
||
| 082 | _aFic. C814u 2008 | ||
| 100 | _aPatricia Cornwell | ||
| 245 |
_aUnnatural exposure/ _cPatricia Cornwell |
||
| 260 |
_aNew York : _bBerkley Books, _c c2008. |
||
| 300 |
_a340 pages ; _c19 cm. |
||
| 942 |
_2ddc _cFIC. _kFic. _n0 |
||
| 999 |
_c4760 _d4760 |
||